[Event "Halifax"]
[Site "Halifax"]
[Date "2018.07.08"]
[Round "5"]
[White "Felix, Chris"]
[Black "Abela, Paul"]
[Result "1-0"]
[WhiteElo "2047"]
[BlackElo "1876"]
[PlyCount "57"]
[EventDate "2018.07.07"]
[EventType "tourn"]
[EventRounds "5"]
[EventCountry "CAN"]
[SourceTitle "EXT 2022"]
[Source "ChessBase"]
[SourceDate "2021.10.06"]
[SourceVersion "1"]
[SourceVersionDate "2021.10.06"]
[SourceQuality "1"]

1. e4 c5 2. Nf3 d6 3. Bb5+ Bd7 4. Bxd7+ Qxd7 5. c4 Nc6 6. d4 cxd4 7. Nxd4 Nf6 8. Nc3 g6 9. 0-0 Bg7 10. Re1 0-0 11. f3 Rac8 12. Be3 Ne5 13. b3 Rfd8 14. Rc1 a6 15. Nde2 Qc7 16. Nf4 e6 17. Qe2 h6 18. Red1 Qa5 19. Na4 Rc6 20. Nd3 Nxd3 21. Rxd3 b5 22. cxb5 Rxc1+ 23. Bxc1 axb5 24. Bd2 Qa6 25. Nc3 b4 26. Na4 Nd7 27. Bxb4 Bd4+ 28. Kf1 Re8 29. Rxd4 1-0

[Event "Halifax"]
[Site "Halifax"]
[Date "2018.07.08"]
[Round "4"]
[White "McKay, Brian"]
[Black "Felix, Chris"]
[Result "1/2-1/2"]
[WhiteElo "1936"]
[BlackElo "2047"]
[PlyCount "57"]
[EventDate "2018.07.07"]
[EventType "tourn"]
[EventRounds "5"]
[EventCountry "CAN"]
[SourceTitle "EXT 2022"]
[Source "ChessBase"]
[SourceDate "2021.10.06"]
[SourceVersion "1"]
[SourceVersionDate "2021.10.06"]
[SourceQuality "1"]

1. e4 c5 2. Nf3 d6 3. Bc4 e6 4. 0-0 Nf6 5. d3 a6 6. a4 g6 7. Bg5 Bg7 8. Nbd2 0-0 9. Re1 Nc6 10. c3 Qc7 11. h3 Nd7 12. Nf1 Nde5 13. Ba2 b5 14. Nxe5 Bxe5 15. f4 Bg7 16. axb5 axb5 17. f5 h6 18. Be3 Bd7 19. fxe6 Bxe6 20. Bxe6 fxe6 21. Qb3 Qd7 22. Rxa8 Rxa8 23. Qxb5 Rb8 24. Qa4 Rxb2 25. d4 Qb7 26. Rc1 Ne7 27. Nd2 cxd4 28. cxd4 Rb4 29. Rc7 1/2-1/2

[Event "Halifax"]
[Site "Halifax"]
[Date "2017.07.09"]
[Round "4"]
[White "Felix, Chris"]
[Black "Gonzalez Cueto, Jose"]
[Result "1-0"]
[WhiteElo "2037"]
[BlackElo "2028"]
[PlyCount "53"]
[EventDate "2017.07.07"]
[EventType "tourn"]
[EventRounds "5"]
[EventCountry "CAN"]
[SourceTitle "EXT 2022"]
[Source "ChessBase"]
[SourceDate "2021.10.06"]
[SourceVersion "1"]
[SourceVersionDate "2021.10.06"]
[SourceQuality "1"]

1. e4 e5 2. f4 exf4 3. Nf3 Be7 4. Be2 Bh4+ 5. Kf1 Be7 6. d4 d6 7. Bxf4 Nf6 8. Nc3 0-0 9. Kf2 Ng4+ 10. Kg1 f5 11. e5 g5 12. exd6 gxf4 13. Bc4+ Kh8 14. dxe7 Qxe7 15. Nd5 Qg7 16. Nxf4 Ne3 17. Qd3 Nxc4 18. Qxc4 Re8 19. Kf2 Re4 20. Rae1 Nc6 21. Qd5 Rxe1 22. Rxe1 Qg8 23. c3 a5 24. Ne5 Nxe5 25. Qxe5+ Qg7 26. Qe8+ Qg8 27. Nh5 1-0

[Event "Halifax"]
[Site "Halifax"]
[Date "2017.07.08"]
[Round "2"]
[White "Felix, Chris"]
[Black "McKay, Brian"]
[Result "1/2-1/2"]
[WhiteElo "2037"]
[BlackElo "1885"]
[PlyCount "55"]
[EventDate "2017.07.07"]
[EventType "tourn"]
[EventRounds "5"]
[EventCountry "CAN"]
[SourceTitle "EXT 2022"]
[Source "ChessBase"]
[SourceDate "2021.10.06"]
[SourceVersion "1"]
[SourceVersionDate "2021.10.06"]
[SourceQuality "1"]

1. e4 e5 2. Nf3 Nc6 3. Bc4 Bc5 4. c3 Nf6 5. d3 d6 6. a4 a6 7. 0-0 0-0 8. h3 h6 9. Nbd2 Ba7 10. Re1 Na5 11. Ba2 c5 12. Nf1 Nc6 13. Ng3 Ne7 14. Be3 Qc7 15. Qd2 Kh7 16. d4 b5 17. Bb3 c4 18. Bc2 Be6 19. Ra3 Bd7 20. Nh4 Neg8 21. f4 g6 22. Nf3 exd4 23. Nxd4 Bc5 24. Raa1 Qb6 25. a5 Qc7 26. Bf2 Rad8 27. h4 Ng4 28. Bd1 1/2-1/2

[Event "NATO-ch 26th"]
[Site "Amsterdam"]
[Date "2015.07.09"]
[Round "5.38"]
[White "Felix, Chris"]
[Black "Rosseel, Kimball"]
[Result "1/2-1/2"]
[WhiteElo "1930"]
[BlackElo "1819"]
[PlyCount "40"]
[EventDate "2015.07.06"]
[EventType "swiss"]
[EventRounds "7"]
[EventCountry "NED"]
[SourceTitle "EXT 2016"]
[Source "ChessBase"]
[SourceDate "2015.10.08"]
[SourceVersion "1"]
[SourceVersionDate "2015.10.08"]
[SourceQuality "1"]
[WhiteTeam "Canada"]
[BlackTeam "Belgium"]
[WhiteTeamCountry "CAN"]
[BlackTeamCountry "BEL"]

1. e4 e6 2. d3 d5 3. Nd2 Nf6 4. g3 c5 5. Bg2 Nc6 6. Ngf3 Be7 7. 0-0 0-0 8. Re1 Qb6 9. e5 Nd7 10. Nf1 h6 11. h4 f6 12. exf6 Nxf6 13. Bh3 Nd8 14. Ne5 Bd6 15. Bf4 Bxe5 16. Bxe5 Nc6 17. Nh2 Nxe5 18. Rxe5 Bd7 19. Qe2 Rae8 20. c3 Re7 1/2-1/2

[Event "NATO-ch 26th"]
[Site "Amsterdam"]
[Date "2015.07.09"]
[Round "6.35"]
[White "Molin, Fabio"]
[Black "Felix, Chris"]
[Result "0-1"]
[WhiteElo "1800"]
[BlackElo "1930"]
[PlyCount "88"]
[EventDate "2015.07.06"]
[EventType "swiss"]
[EventRounds "7"]
[EventCountry "NED"]
[SourceTitle "EXT 2016"]
[Source "ChessBase"]
[SourceDate "2015.10.08"]
[SourceVersion "1"]
[SourceVersionDate "2015.10.08"]
[SourceQuality "1"]
[WhiteTeam "Italy"]
[BlackTeam "Canada"]
[WhiteTeamCountry "ITA"]
[BlackTeamCountry "CAN"]

1. e4 c5 2. Nf3 d6 3. b3 Nc6 4. Bb2 e6 5. Nc3 Nf6 6. Be2 g6 7. d4 cxd4 8. Nxd4 Bg7 9. Nxc6 bxc6 10. Qd3 0-0 11. 0-0-0 d5 12. e5 Nd7 13. f4 a5 14. a4 Qb6 15. Ba3 Ba6 16. Qf3 Bxe2 17. Qxe2 Rfb8 18. Bd6 Rb7 19. h4 Bf8 20. Bxf8 Rxf8 21. h5 Qb4 22. Qe3 Nc5 23. Nb1 Ne4 24. Rd4 Qb6 25. hxg6 fxg6 26. Rxe4 dxe4 27. Qxe4 Qf2 28. Qxc6 Rb6 29. Qc7 Rf7 30. Qd8+ Kg7 31. Nd2 Rb4 32. Qe8 Rbxf4 33. Qxe6 Qe3 34. Rd1 Rf1 35. Qd5 Rxd1+ 36. Kxd1 Qg1+ 37. Ke2 Rf2+ 38. Kd3 Qxg2 39. Qd7+ Kh6 40. Kc3 Qg3+ 41. Kb2 Qxe5+ 42. Kc1 Qe1+ 43. Kb2 Qxd2 44. Qh3+ Kg7 0-1

[Event "Halifax"]
[Site "Halifax"]
[Date "2013.06.30"]
[Round "5"]
[White "Charlton, Glenn"]
[Black "Felix, Chris"]
[Result "1/2-1/2"]
[WhiteElo "2013"]
[BlackElo "1953"]
[PlyCount "48"]
[EventDate "2013.06.28"]
[EventType "tourn"]
[EventRounds "5"]
[EventCountry "CAN"]
[SourceTitle "EXT 2022"]
[Source "ChessBase"]
[SourceDate "2021.10.06"]
[SourceVersion "1"]
[SourceVersionDate "2021.10.06"]
[SourceQuality "1"]

1. e4 c5 2. Nc3 Nc6 3. f4 g6 4. Nf3 Bg7 5. Bb5 Nd4 6. 0-0 e6 7. e5 Nxf3+ 8. Qxf3 a6 9. Bd3 d5 10. exd6 Qxd6 11. b3 Ne7 12. Ba3 Bd7 13. Kh1 Bc6 14. Be4 0-0 15. Bxc6 Nxc6 16. Ne4 Qc7 17. Bxc5 Bxa1 18. Bxf8 Nd4 19. Bd6 Qxc2 20. Nf6+ Kg7 21. Qe4 Qxe4 22. Nxe4 Nc2 23. Rc1 Rc8 24. Nc3 Bxc3 1/2-1/2

[Event "Halifax Maritime op"]
[Site "Halifax"]
[Date "2012.10.08"]
[Round "6"]
[White "Wysocki, Antoni"]
[Black "Felix, Chris"]
[Result "1-0"]
[WhiteElo "2228"]
[BlackElo "1959"]
[PlyCount "35"]
[EventDate "2012.10.06"]
[EventType "swiss"]
[EventRounds "6"]
[EventCountry "CAN"]
[SourceTitle "EXT 2022"]
[Source "ChessBase"]
[SourceDate "2021.10.06"]
[SourceVersion "1"]
[SourceVersionDate "2021.10.06"]
[SourceQuality "1"]

1. c4 f5 2. g3 Nf6 3. Bg2 e6 4. Nf3 Be7 5. 0-0 0-0 6. Nc3 d6 7. d3 Nc6 8. Rb1 a5 9. a3 e5 10. b4 Be6 11. b5 Nb8 12. c5 Nd5 13. Bd2 Bf6 14. Nd4 exd4 15. Nxd5 c6 16. bxc6 bxc6 17. Nxf6+ Rxf6 18. Bg5 1-0